Movies Quiz

Random Movies Quiz

Monthly Box Office Top 3's (2003) Quiz Stats

 Plays Quiz not verified by Sporcle

Score 0/36 Timer 06:00
0 Plays Today
Hint Answer % Correct
JanuaryThe Lord of the Rings: The Two Towers
93.1%
JulyPirates of the Caribbean: The Curse of the Black Pearl
88.9%
DecemberThe Lord of the Rings: The Return of the King
88.9%
MayThe Matrix Reloaded
87.5%
JuneFinding Nemo
84.7%
June2 Fast 2 Furious
83.3%
JulyTerminator 3: Rise of the Machines
83.3%
OctoberSchool of Rock
83.3%
MayX2
81.9%
NovemberThe Matrix Revolutions
81.9%
JuneHulk
77.8%
OctoberScary Movie 3
77.8%
AugustAmerican Wedding
75%
JanuaryCatch Me If You Can
72.2%
NovemberElf
72.2%
AugustFreaky Friday
65.3%
AprilAnger Management
62.5%
MayBruce Almighty
62.5%
Hint Answer % Correct
AprilHoles
61.1%
FebruaryDaredevil
59.7%
SeptemberUnderworld
56.9%
FebruaryHow to Lose a Guy in 10 Days
55.6%
FebruaryChicago
54.2%
MarchChicago
54.2%
MarchOld School
54.2%
NovemberBrother Bear
50%
DecemberThe Last Samurai
50%
MarchBringing Down the House
48.6%
AprilPhone Booth
47.2%
JulyBad Boys II
47.2%
DecemberSomething's Gotta Give
47.2%
SeptemberOnce Upon a Time in Mexico
36.1%
JanuaryJust Married
34.7%
AugustS.W.A.T.
34.7%
SeptemberMatchstick Men
25%
OctoberThe Texas Chainsaw Massacre
25%

You're not logged in!

Compare scores with friends on all Sporcle quizzes.
OR
Log In

Show Comments

Extras

Created Nov 30, 2016SourceReportNominate
Tags:2003, box, highest, month, office, three

Top Quizzes Today


Score Distribution

Your Account Isn't Verified!

In order to create a playlist on Sporcle, you need to verify the email address you used during registration. Go to your Sporcle Settings to finish the process.

Report this User

Report this user for behavior that violates our Community Guidelines.

Details: